00273nam a22001217a 4500003000400000005001700004008004100021020001500062040000700077082001200084100001800096245003700114OSt20211230102433.0211230b |||||||| |||| 00| 0 eng d a0789725126 cHU a005.682 aRandall Jones aUsing Microsoft Front Pang 20002